Los guardias civiles: esos ciudadanos uniformados (Record no. 18747)
[ view plain ]
| 000 -LEADER | |
|---|---|
| campo de control de longitud fija | 00986nam a2200253 i 4500 |
| 001 - NÚMERO DE CONTROL | |
| campo de control | 18747 |
| 003 - IDENTIFICADOR DE NÚMERO DE CONTROL | |
| campo de control | ES-MaACL |
| 005 - FECHA Y HORA DE LA ÚLTIMA TRANSACCIÓN | |
| campo de control | 20230906151920.0 |
| 007 - CAMPO FIJO DE DESCRIPCIÓN FÍSICA--INFORMACIÓN GENERAL | |
| campo de control de longitud fija | t| |
| 008 - DATOS DE LONGITUD FIJA--INFORMACIÓN GENERAL | |
| campo de control de longitud fija | 020219s2001 sp a |||| | spa j |
| 020 ## - NÚMERO INTERNACIONAL ESTÁNDAR DEL LIBRO | |
| Número Internacional Estándar del Libro | 84-89847-48-7 |
| 080 ## - NÚMERO DE LA CLASIFICACIÓN DECIMAL UNIVERSAL | |
| Número de la Clasificación Decimal Universal | 351.743(460)"1975/.." |
| 100 1# - ENTRADA PRINCIPAL--NOMBRE DE PERSONA | |
| Nombre de persona | Carrillo, Fernando. |
| 9 (RLIN) | 35756 |
| 245 14 - MENCIÓN DEL TÍTULO | |
| Título | Los guardias civiles: esos ciudadanos uniformados |
| Resto del título | : 25 años de lucha por la democratización y el asociacionismo en la Guardia Civil (1976-2001) / |
| Mención de responsabilidad, etc. | Fernando Carrillo, Manuel del Alamo. |
| 260 ## - PUBLICACIÓN, DISTRIBUCIÓN, ETC. | |
| Lugar de publicación, distribución, etc. | Alzira (Valencia) : |
| Nombre del editor, distribuidor, etc. | Germania, |
| Fecha de publicación, distribución, etc. | [2001] |
| 300 ## - DESCRIPCIÓN FÍSICA | |
| Extensión | 300 p : |
| Otras características físicas | il., gráf., facs. ; |
| Dimensiones | 24 cm. |
| 500 ## - NOTA GENERAL | |
| Nota general | Incluye: 25 visiones sobre los guardias civiles / Antonio Ortiz, "Ortifus" ... [et al.] |
| 504 ## - NOTA DE BIBLIOGRAFÍA, ETC. | |
| Nota de bibliografía, etc. | Bibliografía: p. 149-152. |
| 610 17 - PUNTO DE ACCESO ADICIONAL DE MATERIA--NOMBRE DE ENTIDAD CORPORATIVA | |
| Nombre de entidad corporativa o nombre de jurisdicción como elemento de entrada | España. |
| Unidad subordinada | Guardia Civil- |
| Subdivisión cronológica | 1975- |
| 9 (RLIN) | 3808 |
| 700 1# - ENTRADA AGREGADA--NOMBRE PERSONAL | |
| Nombre de persona | Alamo, Manuel del. |
| 9 (RLIN) | 19112 |
| 700 0# - ENTRADA AGREGADA--NOMBRE PERSONAL | |
| Nombre de persona | Ortifus. |
| 9 (RLIN) | 87535 |
| 740 02 - ENTRADA AGREGADA--TÍTULO RELACIONADO/ANALÍTICO NO CONTROLADO | |
| Título relacionado o analítico no controlado | 25 visiones sobre los guardias civiles. |
| 852 ## - LOCALIZACIÓN | |
| Ubicación | ES-MaACL |
| Número de control de estantería | L-25324 |
| Estatus retirado | Estado de pérdida | Estado de daño | No para préstamo | Biblioteca de origen | Biblioteca actual | Ubicación en estantería | Fecha de adquisición | Fuente de adquisición | Total de préstamos | Signatura topográfica completa | Código de barras | Visto por última vez | Precio de reemplazo | Tipo de ítem Koha |
|---|---|---|---|---|---|---|---|---|---|---|---|---|---|---|
| Biblioteca del Ateneo de Madrid | Biblioteca del Ateneo de Madrid | Depósito 2 | 17/01/2008 | L-25324 | 1019184 | 23/02/2023 | 23/02/2023 | Libro impreso |
